000 00973nam a2200229 i 4500
001 183024
003 ES-MaACL
005 20250905143720.0
008 140113s2012 sp |||| | spa d
020 _a978-84-695-4051-0
111 2 _aJornadas de Información y Estudio sobre el poeta Eliodoro Puche (
_n3ª.
_d2011.
_cLorca)
_9154139
245 1 0 _aEliodoro Puche: análisis e interpretación
_b: Actas de Ias III Jornadas de Información y Estudio sobre el poeta Eliodoro Puche (Lorca, 23-24 marzo de 2011) /
_cJosé Luis Molina Martínez (ed.).
260 _a[Murcia :
_bAsociación Amigos de la Cultura,
_c2012]
300 _a110 p. :
_bil. ;
_c22 cm.
490 1 _aHojas de la quimera
600 1 4 _aPuche, Eliodoro,
_d1885-1964
_994116
700 0 _aMolina Martínez, José Luis.
_981949
830 0 _aHojas de la quimera
_9224926
852 _aES-MaACL
_jA-12973
_9189957
_bR.149120
_cDEPO1
_dOlim: N-5973
942 _2udc
_cMONOGRAFIA
999 _c183024
_d183024